| 000 | 00652nam a22001817a 4500 | ||
|---|---|---|---|
| 999 |
_c168473 _d168473 |
||
| 005 | 20191010145004.0 | ||
| 010 | _aENG-126636 | ||
| 020 |
_a9789387432390 _c475.00 |
||
| 035 | _aEN-110168 | ||
| 037 | _bDBAD/PUB | ||
| 082 | _a621.3 | ||
| 100 | _aSalivahanan, S. | ||
| 245 |
_aBasic electrical and instrumentation engineering / _cby S. Salivahanan, R. Rengaraj [and] G.R. Venkatakrishnan |
||
| 260 |
_aChennai _bMc Graw Hill Education _c2018 |
||
| 270 |
_a444/1, Ekambara Naicker Industrial Estate _bAlapakkam, Porur, Chennai _e600116 _minfo.india@mheducation.com |
||
| 300 |
_aviii;406p. _c23cm(pbk) |
||
| 942 |
_2ddc _cEN _h621.3 _mSAL |
||